000
00191 a2200097 4500
001
29816
100
_a
Borron
245
_a
List Processing
260
_a
_b
Chapman
_c
090
_c
19832
_d
19832
942
_a
NUST-CAE
_c
M
_c
10927
999
_c
264889
_d
264889